LIBRARY & INFORMATION CENTRE, KCAET, TAVANUR

ONLINE PUBLIC ACCESS CATALOGUE (OPAC)

Piya / (Record no. 8448)

MARC details
000 -LEADER
fixed length control field 00417cam a2200181ua 4500
041 ## - LANGUAGE CODE
Language code of text/sound track or separate title hin
082 ## - DEWEY DECIMAL CLASSIFICATION NUMBER
Classification number 891.54
Item number USH/PI
100 ## - MAIN ENTRY--AUTHOR NAME
Personal name Ushadevi, Mitra .
245 ## - TITLE STATEMENT
Title Piya /
250 ## - EDITION STATEMENT
Edition statement 5 /
260 ## - PUBLICATION, DISTRIBUTION, ETC. (IMPRINT)
Place of publication New Delhi :
Name of publisher Saraswathi Press ,
Year of publication 1956.
300 ## - PHYSICAL DESCRIPTION
Number of Pages 178 ; .
942 ## - ADDED ENTRY ELEMENTS (KOHA)
Koha item type Books
Holdings
Withdrawn status Lost status Damaged status Home library Current library Date acquired Full call number Accession Number Koha item type Public note
Withdrawn   Damaged KAUAET KAUAET 28/01/2021 891.54 USH/PI 4965 Books  
Withdrawn     KAUAET Sanskrit University 07/04/2012 891.54 6332 Books Transferred to Sanskrit University
free website counter